Voprosy ekonomiki ježemesjačnyj žurnal

Gespeichert in:
Bibliographische Detailangaben
Format: Schriftenreihe
Sprache:Russisch
Veröffentlicht: Moskva Rossijskaja akademija nauk 1982
Schlagworte:
Tags: Tag hinzufügen
Keine Tags, Fügen Sie das erste Tag hinzu!

MARC

LEADER 00000nas2a22000001 4500
001 s122673
005 20250730114210.0
022 |a 0042-8736 
041 0 |a rus 
044 |a RU 
245 1 0 |a Voprosy ekonomiki  |b ježemesjačnyj žurnal 
264 1 |a Moskva  |b Rossijskaja akademija nauk  |c 1982 
300 |a 1 zv. 
773 0 |w eu_un_cat*s120282 
610 2 0 |a politika hospodárska 
610 2 0 |a riadenie hospodárske 
610 2 0 |a plánovanie hospodárske